000 00534nam a2200193 a 4500
001 1767765542642
003 YourLibrary
005 20260107144640.0
008 260107s2001##################000#0#eng##
020 _a9780761969808
082 0 4 _a300.72073
_bDEN.4
100 1 _aLincoln, Yvonna S,
_eauthor.
245 1 0 _aThe American Tradition in Qualitative Research :
260 _bSAGE Publications Limited,
_c2001.
300 _a448 pages
650 0 _aReference.
942 _cENGLISH
040 _aYourLibrary
_beng
_cYourLibrary
999 _c607526
_d607526